000 01254aam a2200349 i 4500
001 768714001
003 CO-MdFUSB
005 20240531062738.0
007 ta
008 210226t1963 -us |||| |||| 00| 0 eng d
040 _bspa.
_aCO-MdFUSB
_cCO-MdFUSB
_dCO-MdFUSBC
_erda
041 _aeng
082 0 4 _223
_a232
_bC9678
100 1 _aCullmann, Oscar
_eautor
245 1 4 _aThe Christology of the New Testament
_c/ Oscar Cullmann ; traducido por Shirley C. Guthrie , Charles A. M. Hall.
264 1 _aEstados Unidos :
_bSCM Press,
_c[1963]
264 4 _c© 1963
300 _a346 páginas.
_c; 23 cm
336 _2rdacontent
_atexto
_btxt
337 _2rdamedia
_asin mediación
_bn
338 _2rdacarrier
_avolumen
_bnc
505 _aEl problema Cristologico en el cristianismo - Jesús el profeta - Jesús el Sumo Sacerdote - Jesús el Mesias - Jesús el Hijo del Hombre - Jesús El Señor - Jesús el Salvador - Jesús el hijo de Dios
563 _aTapa dura
630 0 7 _aBiblia.
_pNuevo Testamento
650 1 7 _aCristianismo
_2
_922
650 1 7 _aCristología
_9239
700 _94993
_aGuthrie, Shirley C.,
_etraductor
700 _94994
_aHall, Charles A.M
_etraductor
942 _cBK
945 _aJTF-925
999 _c43777
_d43777